Ukrainian Oblast Flags - Statistics

General Stats
  • This quiz has been taken 151 times
  • The average score is 15 of 27
Answer Stats
Picture Answer % Correct
Crimea
85%
Donetsk
78%
Dnipropetrovsk
68%
Lviv
68%
Kyiv
66%
Odessa
66%
Kharkiv
65%
Volyn
63%
Chernihiv
60%
Kyiv City
60%
Ivano-Frankivsk
59%
Zaporizhzhia
59%
Mykolaiv
57%
Zakarpattia
57%
Sevastopol
56%
Kherson
53%
Cherkasy
51%
Poltava
51%
Sumy
50%
Chernivtsi
49%
Luhansk
47%
Ternopil
46%
Vinnytsia
46%
Zhytomyr
46%
Kirovohrad
44%
Rivne
44%
Khmelnytskyi
43%
No matching quizzes found
Score Distribution
Percent of People with Each Score
Percentile by Number Answered
Your Score History
You have not taken this quiz